Lee Kuan Yew (Record no. 196821)

MARC details
000 -LEADER
fixed length control field 00569nam a22001937a 4500
005 - DATE AND TIME OF LATEST TRANSACTION
control field 20230801102616.0
010 ## - LCCN (DPL NO)
LC control number ENG-137647
020 ## - INTERNATIONAL STANDARD BOOK NUMBER
International Standard Book Number 9789383812387
Terms of availability 350.00
035 ## - SYSTEM CONTROL NUMBER
System control number EN-121179
037 ## - SOURCE OF ACQUISITION
Source of stock number/acquisition DBAD/PUB
082 ## - DEWEY DECIMAL CLASSIFICATION NUMBER
Classification number 959.5705
100 ## - MAIN ENTRY--PERSONAL NAME
Personal name M.V. SC. K. Sivam
245 ## - TITLE STATEMENT
Title Lee Kuan Yew
Medium ENG
Statement of responsibility, etc by K. Sivam M.V. SC
250 ## - EDITION STATEMENT
Edition statement
260 ## - PUBLICATION, DISTRIBUTION, ETC. (IMPRINT)
Place of publication, distribution, etc Chennai
Name of publisher, distributor, etc GeethamPublications
Date of publication, distribution, etc 2017
270 ## - ADDRESS
Address 3/3, Padmavathi Avenue, Thirumalai Nagar Annex, Perungudi
City Chennai
Postal code 600096
300 ## - PHYSICAL DESCRIPTION
Extent 308p.
Dimensions 22cm(pbk)
942 ## - ADDED ENTRY ELEMENTS (KOHA)
Source of classification or shelving scheme Dewey Decimal Classification
Item type English Books
Classification part 959.5705
Call number prefix SIV

No items available.


© Delhi Public Library
Hit Counter
free hit counter